Southville International School and Colleges
Your cart is empty.
  • Cart
  • Lists
    Public lists Eva Luna New books Lux_list list_1
    Your lists Log in to create your own lists
  • Log in to your account
  • Your cookies
  • Search history
Southville International School and Colleges
  • Advanced search
  • Recent comments
  • Most popular
  • Libraries

Log in to your account

Log in with GOOGLE


If you do not have an external account, but do have a local account, you can still log in:

  1. Home
  2. MARC view: Practical corpus linguistics :
Normal view MARC view ISBD view

Practical corpus linguistics : (Record no. 306679)

[ view plain ]
MARC details
000 -LEADER
fixed length control field 01940cam a22004338i 4500
001 - CONTROL NUMBER
control field 18767575
003 - CONTROL NUMBER IDENTIFIER
control field LC
005 - DATE AND TIME OF LATEST TRANSACTION
control field 20170207170839.0
008 - FIXED-LENGTH DATA ELEMENTS--GENERAL INFORMATION
fixed length control field 150902s2015 nju b 001 0 eng
010 ## - LIBRARY OF CONGRESS CONTROL NUMBER
LC control number 2015023709
020 ## - INTERNATIONAL STANDARD BOOK NUMBER
International Standard Book Number 9781118831878 (hardback)
020 ## - INTERNATIONAL STANDARD BOOK NUMBER
International Standard Book Number 9781118831885 (paper)
040 ## - CATALOGING SOURCE
Original cataloging agency DLC
Language of cataloging eng
Transcribing agency DLC
Description conventions rda
042 ## - AUTHENTICATION CODE
Authentication code pcc
050 00 - LIBRARY OF CONGRESS CALL NUMBER
Classification number P128.D37
Item number W45 2016
082 00 - DEWEY DECIMAL CLASSIFICATION NUMBER
Classification number 410.1/88
084 ## - OTHER CLASSIFICATION NUMBER
Classification number LAN009000
Source of number bisacsh
100 1# - MAIN ENTRY--PERSONAL NAME
Personal name Weisser, Martin,
Relator term author.
245 10 - TITLE STATEMENT
Title Practical corpus linguistics :
Remainder of title an introduction to corpus-based language analysis /
Statement of responsibility, etc Martin Weisser.
250 ## - EDITION STATEMENT
Edition statement First edition.
260 ## - PUBLICATION, DISTRIBUTION, ETC. (IMPRINT)
Place of publication, distribution, etc Malden, MA :
Name of publisher, distributor, etc Wiley Blackwell,
Date of publication, distribution, etc c2016
263 ## - PROJECTED PUBLICATION DATE
Projected publication date 1111
300 ## - PHYSICAL DESCRIPTION
Extent xviii, 287 pages :
Dimensions 25 cm
504 ## - BIBLIOGRAPHY, ETC. NOTE
Bibliography, etc Includes bibliographical references and index.
520 ## - SUMMARY, ETC.
Summary, etc "Introduces a number of easy-to-use, yet powerful, free analysis resources consisting of standalone programs and web interfaces for use with Windows, Mac OS X, and Linux"--
650 #0 - SUBJECT ADDED ENTRY--TOPICAL TERM
Topical term or geographic name as entry element Linguistic analysis (Linguistics)
General subdivision Databases.
650 #0 - SUBJECT ADDED ENTRY--TOPICAL TERM
Topical term or geographic name as entry element Linguistic analysis (Linguistics)
General subdivision Software.
650 #0 - SUBJECT ADDED ENTRY--TOPICAL TERM
Topical term or geographic name as entry element Corpora (Linguistics)
General subdivision Methodology.
650 #0 - SUBJECT ADDED ENTRY--TOPICAL TERM
Topical term or geographic name as entry element Corpora (Linguistics)
General subdivision Technological innovations.
650 #0 - SUBJECT ADDED ENTRY--TOPICAL TERM
Topical term or geographic name as entry element Computational linguisitics
General subdivision Methodology.
650 #0 - SUBJECT ADDED ENTRY--TOPICAL TERM
Topical term or geographic name as entry element Computer network resources
General subdivision Evaluation.
650 #0 - SUBJECT ADDED ENTRY--TOPICAL TERM
Topical term or geographic name as entry element Citation of electronic information resources.
650 #7 - SUBJECT ADDED ENTRY--TOPICAL TERM
Topical term or geographic name as entry element LANGUAGE ARTS & DISCIPLINES / Linguistics / General.
Source of heading or term bisacsh
776 08 - ADDITIONAL PHYSICAL FORM ENTRY
Display text Online version:
Main entry heading Weisser, Martin, author.
Title Practical corpus linguistics
Edition First edition.
Place, publisher, and date of publication Hoboken, NJ : Wiley-Blackwell, 2015
International Standard Book Number 9781118831908
Record control number (DLC) 2015034727
856 42 - ELECTRONIC LOCATION AND ACCESS
Materials specified Cover image
Uniform Resource Identifier <a href="http://catalogimages.wiley.com/images/db/jimages/9781118831878.jpg">http://catalogimages.wiley.com/images/db/jimages/9781118831878.jpg</a>
906 ## - LOCAL DATA ELEMENT F, LDF (RLIN)
a 0
b vip
c orignew
d 1
e ecip
f 20
g y-gencatlg
942 ## - ADDED ENTRY ELEMENTS (KOHA)
Source of classification or shelving scheme Library of Congress Classification
Koha item type Books
Holdings
Withdrawn status Lost status Source of classification or shelving scheme Damaged status Home library Current library Shelving location Date acquired Source of acquisition Sub Shelving location Total Checkouts Full call number Barcode Date last seen Price effective from Koha item type
    Library of Congress Classification   Luxembourg Library Luxembourg Library Teachers Reference Section 02/07/2017 Library Fund     P 128.D37 W45 2016 20385 02/07/2017 02/07/2017 Books

Practical corpus linguistics :

APA

Weisser M., . (2016). Practical corpus linguistics. Malden, MA: Wiley Blackwell.

Chicago

Weisser Martin, . 2016. Practical corpus linguistics. Malden, MA: Wiley Blackwell.

Harvard

Weisser M., . (2016). Practical corpus linguistics. Malden, MA: Wiley Blackwell.

MLA

Weisser Martin, . Practical corpus linguistics. Malden, MA: Wiley Blackwell. 2016.

  • Place hold
  • Print
  • Cite
  • Add to your cart (remove)
  • Save record
    BIBTEX Dublin Core MARCXML MARC (non-Unicode/MARC-8) MARC (Unicode/UTF-8) MARC (Unicode/UTF-8, Standard) MODS (XML) RIS
  • More searches
    Search for this title in:
    Other Libraries (WorldCat) Other Databases (Google Scholar) Online Stores (Bookfinder.com) Open Library (openlibrary.org)

Exporting to Dublin Core...

SOUTHVILLE LIBRARY

Southville International School and Colleges Library

1281 Tropical Ave. Cor. Luxembourg St., BF Homes International, Las Pinas City

Tel. No. 8256374 / 252358 Loc. 117/146

Powered by Koha